Statistiques concernant Culture Générale - Série 1150

Cliquez ici pour prendre le quiz!

Statistiques générales

  • Ce quiz a été pris 49 fois
  • Le résultat moyen est 6 sur 10

Statistiques - réponses

Question Réponse % Correct
Quelle matière, la plus dure de notre organisme recouvre la couronne dentaire, protégeant la dentine ?émail
87%
Quelle ville de Haute-Vienne a son nom associé à l'art de la porcelaine ?Limoges
87%
Si l'on n'a rien mangé ou bu depuis le début de la journée, on dit que l'on est à...jeun
87%
Sur la rive de quel lac, la ville d'Evian-les-Bains est-elle située ?Léman
80%
Quel prophète eut pour mission de faire sortir d'Égypte le peuple hébreu ?Moïse
74%
Dans quel État insulaire d'Asie du Sud-Est se situent les volcans Pinatubo et Apo ?Philippines
67%
Dans quel département se trouve le célèbre site touristique de Rocamadour ?Lot
54%
Quel est le titre du dernier album achevé de Tintin, paru en 1976 ?Tintin et les Picaros
24%
Quel acteur incarnait John Steed, le héros de la série TV “Chapeau melon et bottes de cuir” ?Patrick Macnee
17%
Quelle princesse juive demanda la tête de Jean-Baptiste sur un plateau ?Salomé
15%

Distribution des résultats

Percentile par nombre de réponses

% des personnes avec chaque résultat

Votre développement - résultats

Vous n’avez pas pris ce quiz